Library Banner

Dawat e Deen aur Uska tareeq kar(urdu)/ (Record no. 102142)

MARC details
000 -LEADER
fixed length control field 00429nam a22001457a 4500
005 - DATE AND TIME OF LATEST TRANSACTION
control field 20180125095855.0
008 - FIXED-LENGTH DATA ELEMENTS--GENERAL INFORMATION
fixed length control field 180125b xxu||||| |||| 00| 0 eng d
040 ## - CATALOGING SOURCE
Transcribing agency PK-LaUMT
082 ## - DEWEY DECIMAL CLASSIFICATION NUMBER
Classification number PKAC 297.74
Item number AMI-D
100 ## - MAIN ENTRY--PERSONAL NAME
Personal name Amin Ahsan Islahi
245 ## - TITLE STATEMENT
Title Dawat e Deen aur Uska tareeq kar(urdu)/
Statement of responsibility, etc Abdul Haq Ansari
260 ## - PUBLICATION, DISTRIBUTION, ETC. (IMPRINT)
Place of publication, distribution, etc لاہور:
Name of publisher, distributor, etc مرکزی مکتبہ جماعت اسلامی،
Date of publication, distribution, etc 1985
300 ## - PHYSICAL DESCRIPTION
Extent 312
942 ## - ADDED ENTRY ELEMENTS (KOHA)
Koha item type Books
Holdings
Withdrawn status Lost status Damaged status Home library Current library Date acquired Full call number Barcode Date last seen Price effective from Koha item type Copy number
      UMT Main Campus UMT Main Campus 2018-01-25 PKAC 297.74 AMI-D 118103 2018-01-25 2018-01-25 Books  
      UMT Main Campus UMT Main Campus 2018-02-08 PKAC 297.74 AMI-D 118913 2018-02-08 2018-02-08 Books C-2